Chancenvollzug und sichere Unterbringung: ein Paradigmenwechsel in der niedersächsischen Strafvollzugspolitik?

Gespeichert in:  
Bibliographische Detailangaben
1. VerfasserIn: Steinhilper, Monica (Verfasst von)
Medienart: Druck Aufsatz
Sprache:Deutsch
Veröffentlicht: 2006
In: Kriminalpolitik und ihre wissenschaftlichen Grundlagen
Jahr: 2006, Seiten: 687 - 695
Verfügbarkeit prüfen: HBZ Gateway
Schlagwörter:

MARC

LEADER 00000caa a2200000 c 4500
001 1325398438
003 DE-627
005 20250605103500.0
007 tu
008 060718s2006 xx ||||| 00| ||ger c
020 |a 9783811452411 
035 |a (DE-627)1325398438 
035 |a (DE-576)255398433 
035 |a (DE-599)BSZ255398433 
040 |a DE-627  |b ger  |c DE-627  |e rakwb 
041 |a ger 
100 1 |a Steinhilper, Monica  |4 aut 
109 |a Steinhilper, Monica 
245 1 0 |a Chancenvollzug und sichere Unterbringung  |b ein Paradigmenwechsel in der niedersächsischen Strafvollzugspolitik?  |c Monica Steinhilper 
264 1 |c 2006 
300 |a S. 687 - 695 
336 |a Text  |b txt  |2 rdacontent 
337 |a ohne Hilfsmittel zu benutzen  |b n  |2 rdamedia 
338 |a Band  |b nc  |2 rdacarrier 
689 0 0 |d g  |0 (DE-588)4042226-4  |0 (DE-627)106215507  |0 (DE-576)209049227  |a Niedersachsen  |2 gnd 
689 0 1 |d s  |0 (DE-588)4057808-2  |0 (DE-627)106149415  |0 (DE-576)20912377X  |a Strafvollzug  |2 gnd 
689 0 2 |a z  |2 gnd  |a Geschichte 1978-2005 
689 0 |5 (DE-627) 
773 0 8 |i In  |t Kriminalpolitik und ihre wissenschaftlichen Grundlagen  |d Heidelberg : Müller, 2006  |g (2006), Seite 687 - 695  |h 1204 S.  |w (DE-627)162309609X  |w (DE-576)251323633  |z 381145241X  |z 9783811452411  |7 nnam 
773 1 8 |g year:2006  |g pages:687 - 695 
889 |w (DE-627)741139030 
935 |a mkri 
935 |i mdedup 
951 |a AR 
ELC |b 1 
LOK |0 000 xxxxxcx a22 zn 4500 
LOK |0 001 2517622833 
LOK |0 003 DE-627 
LOK |0 004 1325398438 
LOK |0 005 20100508171054 
LOK |0 008 061009||||||||||||||||ger||||||| 
LOK |0 040   |a DE-21-24  |c DE-627  |d DE-21-24 
LOK |0 852   |a DE-21-24 
LOK |0 852 1  |c In: J,IVa,168  |m p  |9 00 
LOK |0 852 2  |b S II  |9 00 
LOK |0 866 0  |z nur: S II 
LOK |0 935   |a uwfe 
LOK |0 936ln  |a In: J,IVa, 
LOK |0 938   |k p 
LOK |0 939   |a 09-10-06  |b l01 
LOK |0 000 xxxxxcx a22 zn 4500 
LOK |0 001 2899477463 
LOK |0 003 DE-627 
LOK |0 004 1325398438 
LOK |0 005 20251210141259 
LOK |0 008 160208||||||||||||||||ger||||||| 
LOK |0 040   |a DE-21-110  |c DE-627  |d DE-21-110 
LOK |0 689   |a s  |a Strafvollzugspolitik 
LOK |0 689   |a g  |a Niedersachsen 
LOK |0 689   |a s  |a Unterbringung 
LOK |0 689   |a s  |a Strafvollzug 
LOK |0 689   |a s  |a Justizvollzug 
LOK |0 689   |a s  |a Geschichte 
LOK |0 689   |a s  |a Gefahrenabwehr 
LOK |0 689   |a s  |a Legalbewährung 
LOK |0 852   |a DE-21-110 
LOK |0 852 1  |m p  |9 00 
LOK |0 935   |a k110 
LOK |0 938   |k p 
LOK |0 939   |a 08-02-16  |b l01 
ORI |a SA-MARC-krimdoka001.raw 
TIM |a 100019780101_100020051231  |b Geschichte 1978-2005